Energy technology : (Record no. 10002)

MARC details
000 -LEADER
fixed length control field 00926nam a22002775a 4500
005 - DATE AND TIME OF LATEST TRANSACTION
control field 20180207114949.0
008 - FIXED-LENGTH DATA ELEMENTS--GENERAL INFORMATION
fixed length control field 100324r2009 ii a|||fr||| 00110 eng dd
020 ## - INTERNATIONAL STANDARD BOOK NUMBER
International Standard Book Number 8174090401
040 ## - CATALOGING SOURCE
Original cataloging agency EG-ScBUE
Language of cataloging eng
Transcribing agency EG-ScBUE
082 04 - DEWEY DECIMAL CLASSIFICATION NUMBER
Classification number 621.042
Item number RAO
Edition number 22
100 1# - MAIN ENTRY--PERSONAL NAME
Personal name Rao, S.
9 (RLIN) 13098
245 10 - TITLE STATEMENT
Title Energy technology :
Remainder of title nonconventional, renewable and conventional /
Statement of responsibility, etc S. Rao & B. B. Parulekar.
250 ## - EDITION STATEMENT
Edition statement 3rd ed., Revised & Updated ed.
260 ## - PUBLICATION, DISTRIBUTION, ETC. (IMPRINT)
Place of publication, distribution, etc New Delhi :
Name of publisher, distributor, etc Khanna Publishers,
Date of publication, distribution, etc 2009.
300 ## - PHYSICAL DESCRIPTION
Extent 1144 p. :
Other physical details ill. ;
Dimensions 20 cm.
500 ## - GENERAL NOTE
General note Index : p. 1132-1144.
500 ## - GENERAL NOTE
General note Reprint of the 2009 ed.
504 ## - BIBLIOGRAPHY, ETC. NOTE
Bibliography, etc Bibliography : p. 1131.
590 ## - LOCAL NOTE (RLIN)
Local note yassmeen ashraf
650 #0 - SUBJECT ADDED ENTRY--TOPICAL TERM
Topical term or geographic name as entry element Power resources
9 (RLIN) 13099
Source of heading or term BUEsh
651 ## - SUBJECT ADDED ENTRY--GEOGRAPHIC NAME
Source of heading or term BUEsh
653 ## - INDEX TERM--UNCONTROLLED
Resource For college Engineering, General
Arrived date list August2015
650 #0 - SUBJECT ADDED ENTRY--TOPICAL TERM
9 (RLIN) 13100
Topical term or geographic name as entry element Energy development
Source of heading or term BUEsh
700 1# - ADDED ENTRY--PERSONAL NAME
Personal name Parulekar, B. B.
9 (RLIN) 13101
942 ## - ADDED ENTRY ELEMENTS (KOHA)
Item type Book - Borrowing
Call number prefix 621.042 RAO
Source of classification or shelving scheme Dewey Decimal Classification
Holdings
Withdrawn status Item status Source of classification or shelving scheme Damaged status Not for loan Vendor Home library Current library Shelving location Date acquired Source of acquisition Total Checkouts Total Renewals Full call number Barcode Date last seen Date last borrowed Koha item type Cost, normal purchase price Serial Enumeration / chronology
    Dewey Decimal Classification     Alahram Central Library Central Library First floor 24/07/2008   2 1 621.042 RAO 000013411 15/07/2025 08/01/2017 Book - Borrowing    
    Dewey Decimal Classification     Alahram Central Library Central Library First floor 24/03/2010       621.042 RAO 000020331 15/07/2025   NB - Book (Non borrowing) 66.00 27